Jezero krokodýlích čarodějů : [mezi šamany a kouzelníky afrických domorodých kmenů] /

Hlavní autor: Mareš, Jaroslav, 1937-2021
Jazyk: Čeština
Vydáno: Pardubice : Filip Trend Publishing, c2002
Témata:
Externí odkaz: Digitalizovaný dokument
Fyzický popis: 194 s. ; 22 x 22 cm
Knihy
Uloženo v:
LEADER 01148nam a2200325 a 4500
001 000603971
003 CZ BrMZK
005 20020619121650.0
007 ta
008 020603s2002 xr f cze d
015 |a cnb000891775 
020 |a 80-86282-20-1 
035 |a (OCoLC)53268750 
040 |a BOA001  |b cze 
043 |a f------ 
080 |a (0:82-3)  |2 MRF 
080 |a 133.4  |2 MRF 
080 |a 257.22  |2 MRF 
080 |a (6)  |2 MRF 
100 1 |a Mareš, Jaroslav,  |d 1937-2021  |7 jk01080189  |4 aut 
245 1 0 |a Jezero krokodýlích čarodějů :  |b [mezi šamany a kouzelníky afrických domorodých kmenů] /  |c Jaroslav Mareš 
260 |a Pardubice :  |b Filip Trend Publishing,  |c c2002 
300 |a 194 s. ;  |c 22 x 22 cm 
500 |a Podnázev z obálky 
650 0 7 |a čarodějnictví  |7 ph128083  |z Afrika  |2 czenas 
655 7 |a vyprávění  |7 fd133823  |2 czenas 
856 4 1 |u http://www.digitalniknihovna.cz/mzk/uuid/uuid:524bbe50-5dbb-11e3-ac69-005056827e51  |y Digitalizovaný dokument  |x NDK 
910 |a BOA001  |b 2-1103.751 
990 |a BK 
996 6 |b 2610162196  |c 2-1103.751  |l MZK  |r Sklad / do 1 hodiny  |n 2  |p p.v.  |w 000603971  |u 000010  |a 1  |e BOA001  |j MZK50  |s P